000 00911nam a2200241Ia 4500
003 OSt
005 20220926021848.0
006 a|||||r|||| 00| 0
007 ta
008 220923b |||||||| |||| 00| 0 eng d
037 _cGeneral Book
040 _aRTL
_cRTL
_beng
041 _2eng
_aeng
082 _aX:54:(Z).1.N75r, L5,17
110 _aUNITED NATIONS, INTERNATIONAL TRADE LAW (Commission on-), GENERAL ASSEMBLY. OFFICIAL RCORDS: 30th SESSION
_9327008
245 0 _aReport of United Nations commission on international trade of its eighth session
260 _aNew York
_bUnited Nations
_c1975
300 _aiv, 95p
_ccm.
500 _aSupplement no. 17 (A/10017)
700 _aUNITED NATIONS, INTERNATIONAL TRADE LAW (Commission on-), GENERAL ASSEMBLY. OFFICIAL RCORDS: 30th SESSION
_9327009
942 _hX:54:(Z).1.N75r, L5,17
_cGB
_2CC
999 _c637857
_d637857